National Assembly Library of Thailand

เช กูวารา "ข้าสู้ให้กับสิ่งที่ข้าเชื่อ" / (ระเบียนเลขที่ 75297)

รายละเอียดในรูปแบบ MARC
000 -LEADER
fixed length control field 01032nam a22002417a 4500
003 - CONTROL NUMBER IDENTIFIER
control field NALT
005 - DATE AND TIME OF LATEST TRANSACTION
control field 20231010161136.0
008 - FIXED-LENGTH DATA ELEMENTS--GENERAL INFORMATION
fixed length control field th tha d
020 ## - INTERNATIONAL STANDARD BOOK NUMBER
International Standard Book Number 9786163201737
040 ## - CATALOGING SOURCE
Original cataloging agency NALT
041 ## - LANGUAGE CODE
Language code of text/sound track or separate title tha
050 ## - LIBRARY OF CONGRESS CALL NUMBER
Classification number F 2849.22.G85
Item number ด382ช
100 0# - MAIN ENTRY--PERSONAL NAME
Personal name ดาณุภา ไชยพรธรรม
9 (RLIN) 21005
245 10 - TITLE STATEMENT
Title เช กูวารา "ข้าสู้ให้กับสิ่งที่ข้าเชื่อ" /
Statement of responsibility, etc. ดาณุภา ไชยพรธรรม เรียบเรียง.
260 ## - PUBLICATION, DISTRIBUTION, ETC.
Place of publication, distribution, etc. กรุงเทพฯ :
Name of publisher, distributor, etc. แพรธรรม,
Date of publication, distribution, etc. ม.ป.ป..
300 ## - PHYSICAL DESCRIPTION
Extent 223 หน้า :
Other physical details ภาพประกอบ ;
Dimensions 21 ซม.
600 14 - SUBJECT ADDED ENTRY--PERSONAL NAME
Personal name กูวารา, เออร์เนสโต,
Dates associated with a name ค.ศ. 1925-1967
9 (RLIN) 21006
650 #4 - SUBJECT ADDED ENTRY--TOPICAL TERM
Topical term or geographic name entry element ปฏิวัติ
9 (RLIN) 21007
Geographic subdivision ลาตินอเมริกา
650 #4 - SUBJECT ADDED ENTRY--TOPICAL TERM
Topical term or geographic name entry element นักปฏิวัติ
9 (RLIN) 21008
850 ## - HOLDING INSTITUTION
Holding institution NALT
942 ## - ADDED ENTRY ELEMENTS (KOHA)
Koha item type General Book
Source of classification or shelving scheme Library of Congress Classification
996 ## - STAFF PROCESSING RECORDS (NALT)
Staff name saiphon.d
Staff type CATSTF
Acquisition or Cataloging date 2023-10-10
998 ## - STAFF NAME (NALT)
-- 104
-- นางสาวสายฝน ดีงาม
รายการที่มีในห้องสมุด
Withdrawn status Lost status Source of classification or shelving scheme Damaged status Not for loan Collection code Home library Current library Shelving location Date acquired Source of acquisition Full call number Barcode Date last seen Price effective from Koha item type
    Library of Congress Classification     General Book collection National Assembly Library of Thailand National Assembly Library of Thailand General Book shelves 10/10/2023 จัดซื้อทรัพยากร F 2849.22 .G85 ด382ช 3961203497 09/06/2017 09/06/2017 General Book
หอสมุดรัฐสภา
สำนักงานเลขาธิการสภาผู้แทนราษฎร เลขที่ 1111 ถนนสามเสน แขวงถนนนครไชยศรี เขตดุสิต กรุงเทพฯ 10300
The Secretariat of the House of Representatives 1111 Samsen Road, Thanon Nakhon Chai Si, Dusit, Bangkok 10300, THAILAND
โทรศัพท์: +66(0) 2242 5900 ต่อ 5714-5 โทรสาร: +66(0) 2242 5990 อีเมล: [email protected]